| 000 | 00685nam a22002057a 4500 | ||
|---|---|---|---|
| 999 |
_c179424 _d179424 |
||
| 005 | 20210611150053.0 | ||
| 010 | _aB-740216 | ||
| 020 | _a9781439101186 | ||
| 035 | _aB-740216 | ||
| 037 | _bGift | ||
| 082 | _a109 | ||
| 100 | _aDurant, Will | ||
| 245 |
_aThe story of philosophy: _bthe lives and opinions of the greater philosophers / _cby Will Durant |
||
| 260 |
_aNew York _bSimon & Schuster _c2009 |
||
| 270 |
_a1230 Avenue of the Americas _bNew York _e10020 |
||
| 300 |
_axvi, 412p. _c21cm(Hb) |
||
| 500 | _aincludes bibliographical references and index | ||
| 942 |
_2ddc _cEN _h109 _mDUR |
||